Cours de géométrie analytique (Record no. 160696)

MARC details
000 -LEADER
campo de control de longitud fija 01049nam a2200193 i 4500
001 - NÚMERO DE CONTROL
campo de control 160696
003 - IDENTIFICADOR DE NÚMERO DE CONTROL
campo de control ES-MaACL
005 - FECHA Y HORA DE LA ÚLTIMA TRANSACCIÓN
campo de control 20230906212117.0
008 - DATOS DE LONGITUD FIJA--INFORMACIÓN GENERAL
campo de control de longitud fija 020627m18941895fr |||| | fre d
040 ## - FUENTE DE CATALOGACIÓN
Centro catalogador/agencia de origen CCPB | B
Lengua de catalogación spa
Centro/agencia transcriptor CCPB | B
100 1# - ENTRADA PRINCIPAL--NOMBRE DE PERSONA
Nombre de persona Niewenglowski, B.
9 (RLIN) 217367
245 10 - MENCIÓN DEL TÍTULO
Título Cours de géométrie analytique
Resto del título : a l'usage des Éleves de la Classe de Mathématiques spéciales des Candidats aux Écoles du Gouvernement /
Mención de responsabilidad, etc. par B. Niewenglowski.
260 ## - PUBLICACIÓN, DISTRIBUCIÓN, ETC.
Lugar de publicación, distribución, etc. Paris :
Nombre del editor, distribuidor, etc. Gauthier-Villars et flis,
Fecha de publicación, distribución, etc. 1894-1895.
300 ## - DESCRIPCIÓN FÍSICA
Extensión 2 v. ;
Dimensiones 24 cm.
505 8# - NOTA DE CONTENIDO CON FORMATO
Nota de contenido con formato Contiene: T. I. Sections coniques. -- T. II. Construction des courbes planes. Compléments relatifs aux coniques
650 #4 - PUNTO DE ACCESO ADICIONAL DE MATERIA--TÉRMINO DE MATERIA
Término de materia o nombre geográfico como elemento de entrada Geometría analítica.
9 (RLIN) 13100
852 ## - LOCALIZACIÓN
Ubicación ES-MaACL
Número de control de estantería F-1467
Nota libre -- Enc. pasta española deteriorada
condición física -- Sólo el t.III
Encuadernación -- Edic.: 3 v. -- T.III, 1896 (572 p.) -- El t.III: Géométrie dans l'espace avec une note sur les transformations en géometrie par Emile Borel -- Corregir el ed.: Gauthier-Villars et fils imprimeurs-libraires
Holdings
Estatus retirado Estado de pérdida Estado de daño No para préstamo Colección Biblioteca de origen Biblioteca actual Ubicación en estantería Fecha de adquisición Fuente de adquisición Total de préstamos Signatura topográfica completa Código de barras Visto por última vez Precio de reemplazo Tipo de ítem Koha
        Libros del s. XIX Biblioteca del Ateneo de Madrid Biblioteca del Ateneo de Madrid Depósito 2 17/01/2008     F-1467 1168277 23/02/2023 23/02/2023 Libro impreso antiguo